| 000 | 00602nam a2200229Ia 4500 | ||
|---|---|---|---|
| 008 | 180523s9999 xx 000 0 und d | ||
| 020 | _a987-0-07-065576-8 | ||
| 050 | _aMAIN TX 911.3 | ||
| 050 | _b.A53 2008 | ||
| 100 | _aAndrews, Sudhir. | ||
| 245 | 0 | _aTextbook of front office management and operations / | |
| 245 | 0 | _cSudhir Andrews. | |
| 260 | _aCanada : | ||
| 260 | _bMcGraw-Hill, | ||
| 260 | _c2008 | ||
| 300 | _a453 pages : | ||
| 300 | _billustrations ; | ||
| 300 | _c24 cm. | ||
| 500 | _aIncludes index. | ||
| 650 | _aHotel management. | ||
| 650 | _xHotel front desk personnel. | ||
| 999 |
_c357743 _d357743 |
||